000 00308nam a22001337a 4500
008 210224b ||||| |||| 00| 0 eng d
020 _a9780735577862
041 _aeng
080 _a343.9
100 _a13
101 _aKRI
245 _aCriminal` Procedure: Investigation
_cPublishers,A
942 _2udc
_cBK
999 _c55138
_d55138